Logo BPK

Biblioteka

Politechniki Koszalińskiej

Występowanie benzenu i jego pochodnych alkilowych w powietrzu atmosferycznym na obszarach miejskich ze szczególnym uwzględnieniem rejonów tras komunikacyjnych / (Rekord nr 51578)

Szczegóły MARC
000 -ETYKIETA REKORDU
podpole kontrolne o stałej długości 01234nam a2200277 i 4500
001 - NUMER KONTROLNY REKORDU
pole kontrolne bg
020 ## - MIĘDZYNARODOWY ZNORMALIZOWANY NUMER KSIĄŻKI - ISBN
ISBN 8392151453
040 ## - ŹRÓDŁO KATALOGOWANIA
Instytucja, która utworzyła rekord BPK
041 0# - KOD JĘZYKA
Kod języka tekstu pol
Kod języka streszczenia lub abstraktu eng
080 ## - UNIWERSALNA KLASYFIKACJA DZIESIĘTNA - UKD
UKD 504.3.054:662.6/.7:547
920 ## - Międzynarodowy znormalizowany numer książki – ISBN
ISBN 83-921514-5-3
008 - POLE O STAŁEJ DŁUGOŚCI - DANE KONTROLNE
podpole kontrolne o stałej długości s pl f |000 0 pol
100 1# - NAZWA OSOBOWA
Nazwa osobowa ŻAK, Magdalena
245 10 - TYTUŁ/ODPOWIEDZIALNOŚĆ
Tytuł Występowanie benzenu i jego pochodnych alkilowych w powietrzu atmosferycznym na obszarach miejskich ze szczególnym uwzględnieniem rejonów tras komunikacyjnych /
Pozostałe elementy strefy tytułu i oznaczenia odpowiedzialności Magdalena Żak, Jan Konieczyński, Krzysztof Klejnowski.
260 ## - STREFA ADRESU WYDAWNICZEGO
Miejsce wydania Zabrze :
Nazwa wydawcy/dystrybutora IPIiŚ PAN,
Data publikacji, dystrybucji/powstania dokumentu 2005.
300 ## - STREFA OPISU FIZYCZNEGO
Objętość 164 s. :
Inne cechy fizyczne wykr. (w tym kolor.) ;
Rozmiary 24 cm.
490 1# - STREFA SERII I DOKUMENTU WIELOCZĘŚCIOWEGO - FORMA NIE DO WYSZUKIWANIA
Tytuł i oznaczenie odpowiedzialności serii Prace i Studia / Instytut Podstaw Inżynierii Środowiska Polskiej Akademii Nauk =
-- Works & Studies / Institute of Environmental Engineering of the Polish Academy of Sciences,
ISSN 0208-4112 ;
Numeracja w obrębie serii no. 64
504 ## - UWAGA DOTYCZĄCA BIBLIOGRAFII
Informacje o bibliografii Bibliogr.
650 #9 - HASŁO PRZEDMIOTOWE W FORMIE NAZWY OGÓLNEJ LUB JEDNOSTKOWEJ
Nazwa ogólna lub geograficzna Powietrze
Określnik ogólny degradacja
-- badanie
650 #9 - HASŁO PRZEDMIOTOWE W FORMIE NAZWY OGÓLNEJ LUB JEDNOSTKOWEJ
Nazwa ogólna lub geograficzna Benzen
Określnik ogólny związki
-- wpływ na środowisko
650 #9 - HASŁO PRZEDMIOTOWE W FORMIE NAZWY OGÓLNEJ LUB JEDNOSTKOWEJ
Nazwa ogólna lub geograficzna Spaliny
Określnik ogólny wpływ na środowisko
-- badanie
700 1# - HASŁO DODATKOWE - NAZWA OSOBOWA
Nazwa osobowa KONIECZYŃSKI, Jan
700 1# - HASŁO DODATKOWE - NAZWA OSOBOWA
Nazwa osobowa KLEJNOWSKI, Krzysztof
830 #0 - HASŁO DODATKOWE SERII LUB DOKUMENTU WIELOCZĘŚCIOWEGO - TYTUŁ UJEDNOLICONY
Tytuł ujednolicony Prace i Studia (Instytut Podstaw Inżynierii Środowiska Polskiej Akademii Nauk) ;
Oznaczenie tomu no. 64
856 ## - LOKALIZACJA I DOSTĘP DO ELEKTRONICZNYCH DOKUMENTÓW ZDALNYCH
Link (URL) http://koha.tu.koszalin.pl/cgi-bin/koha/opac-detail.pl?biblionumber=51578
Tekst linku Katalog online BPK
942 ## - DODATKOWE ELEMENTY (KOHA)
Typ dokumentu Książka
Egzemplarze
Wycofany Status egzemplarza Uszkodzony Dostępność Lokalizacja stała Lokalizacja bieżąca Miejsce przechowywania Sygnatura Kod kreskowy Dział Typ dokumentu
      Tylko na miejscu Czytelnia Wydziału Elektroniki i Informatyki, Wydziału Architektury i Wzornictwa, Wydziału Inżynierii Mechanicznej i Energetyki oraz Wydziału Inżynierii Lądowej, Środowiska i Geodezji Czytelnia Wydziału Elektroniki i Informatyki, Wydziału Architektury i Wzornictwa, Wydziału Inżynierii Mechanicznej i Energetyki oraz Wydziału Inżynierii Lądowej, Środowiska i Geodezji Czytelnia Wydziałowa ul. Śniadeckich 2 78671 02300566 502.3 Środowisko atmosfery Książka
© 2023 Biblioteka Politechniki Koszalińskiej :: KOHA